000 00978nam a2200301 a 4500
001 000025109
003 DO-SdBNP
005 20260303090148.0
007 ta
008 110210s2018 dr a 000 0 spa d
020 _a9789945074505
040 _aDO-SdBNP
_bspa
_cBNPHU
049 _aBNPD
082 4 _222
100 1 _aAcosta Matos, Eliades,
_d1959-
_974479
245 1 3 _aLa telaraña cubana de Trujillo /
_cEliades Acosta Matos
250 _a2a ed.
260 _aSanto Domingo :
_bArchivo General de la Nación,
_c2018.
300 _av. ;
_c23 cm.
490 1 _aArchivo General de la Nación
_v330
500 _aIncluye datos biográficos del autor en las solapas e índice onomástico
500 _aIncluye referencias bibliográficas y notas al pie de las páginas
590 _aInventariado, 2021/BT
700 1 _aHernández Álvarez, Irene,
_eed.
_915946
830 0 _aArchivo General de la Nación
_n330
_980551
910 _aBtavárez
942 _2ddc
_cLBS1
999 _c24602
_d24602